[Event "Paul Keres mem (32nd)"]
[Site "Vancouver CAN"]
[Date "2007.05.19"]
[Round "2.10"]
[White "Burke, Paul"]
[Black "McLaren, Brian"]
[Result "1-0"]
[WhiteElo "2015"]
[BlackElo "2244"]
[PlyCount "47"]
[GameId "2160767910676130"]
[EventDate "2007.05.18"]
[EventType "swiss"]
[EventRounds "7"]
[EventCountry "CAN"]

1. e4 Nf6 2. Nc3 d5 3. exd5 Nxd5 4. Nf3 Bg4 5. Nxd5 Qxd5 6. Be2 Nc6 7. O-O e6 8. c4 Qd7 9. d4 Rd8 10. Bg5 f6 11. Be3 Be7 12. Qb3 Bxf3 13. Bxf3 Nxd4 14. Bxd4 Qxd4 15. c5 Qxc5 16. Qxe6 Qb6 17. Qe2 c6 18. Rfe1 Qc7 19. Be4 g6 20. Bc2 Rf8 21. Bb3 Rd7 22. Qe3 Qb6 23. Qh6 Kd8 24. Rxe7 1-0

[Event "Paul Keres mem (32nd)"]
[Site "Vancouver CAN"]
[Date "2007.05.19"]
[Round "2.11"]
[White "Davies, Lucas"]
[Black "Machado, Gilmar Dias"]
[Result "1-0"]
[WhiteElo "2235"]
[BlackElo "1997"]
[PlyCount "45"]
[GameId "2160767910676131"]
[EventDate "2007.05.18"]
[EventType "swiss"]
[EventRounds "7"]
[EventCountry "CAN"]

1. e4 e5 2. Nf3 Nc6 3. Bb5 f5 4. d3 fxe4 5. dxe4 Nf6 6. O-O d6 7. Qd3 Bd7 8. Nc3 Nb4 9. Bxd7+ Qxd7 10. Qe2 O-O-O 11. Be3 Kb8 12. a3 Nc6 13. b4 h6 14. Rab1 g5 15. a4 g4 16. Nd2 d5 17. exd5 Nxb4 18. Nc4 Qf5 19. Nxe5 Nfxd5 20. Nxd5 Rxd5 21. Nd3 Nxc2 22. Qxc2 Qxd3 23. Qb2 1-0

[Event "Paul Keres mem (32nd)"]
[Site "Vancouver CAN"]
[Date "2007.05.19"]
[Round "2.12"]
[White "Trochtchanovitch, Pavel"]
[Black "Sinanan, Joshua"]
[Result "1-0"]
[WhiteElo "1986"]
[BlackElo "2138"]
[PlyCount "103"]
[GameId "2160767910676132"]
[EventDate "2007.05.18"]
[EventType "swiss"]
[EventRounds "7"]
[EventCountry "CAN"]

1. e4 c5 2. Nf3 e6 3. d4 cxd4 4. Nxd4 Nc6 5. Nc3 Qc7 6. g3 a6 7. Bg2 Nf6 8. O-O d6 9. Kh1 Bd7 10. Be3 Ne5 11. f4 Nc4 12. Bc1 h5 13. Qe1 Rc8 14. Nd1 b5 15. b3 Nb6 16. Ne3 Be7 17. Bb2 b4 18. Rc1 g6 19. f5 gxf5 20. exf5 e5 21. Nf3 a5 22. c4 Qc5 23. Rd1 Bc6 24. Bc1 Nbd7 25. Rf2 Qb6 26. Nd5 Bxd5 27. cxd5 Ng4 28. Re2 Rg8 29. h3 Ngf6 30. Be3 Qb5 31. Nd4 Qa6 32. Nc6 Rxg3 33. Qxg3 Qxe2 34. Rd2 Qb5 35. Kh2 Rc7 36. Qg7 Bf8 37. Qh8 e4 38. Bh6 Nxd5 39. Bxe4 Nc3 40. Rxd6 Rxc6 41. Bxc6 Qe2+ 42. Bg2 Qe5+ 43. Qxe5+ Nxe5 44. Bxf8 Kxf8 45. f6 Kg8 46. Kg3 Kh7 47. Kf4 Ng6+ 48. Kg5 h4 49. Rd7 Kg8 50. Kh6 Ne2 51. Rd8+ Nf8 52. Be4 1-0

[Event "Paul Keres mem (32nd)"]
[Site "Vancouver CAN"]
[Date "2007.05.19"]
[Round "2.13"]
[White "Pitre, Hanniegn"]
[Black "Ozkan, Charlie"]
[Result "1-0"]
[WhiteElo "2023"]
[BlackElo "1865"]
[PlyCount "76"]
[GameId "2160767910676133"]
[EventDate "2007.05.18"]
[EventType "swiss"]
[EventRounds "7"]
[EventCountry "CAN"]

1. e4 c5 2. Nf3 e6 3. Nc3 Nc6 4. Bc4 a6 5. a4 Nf6 6. O-O d5 7. exd5 exd5 8. Re1+ Be7 9. Ba2 Bg4 10. d3 O-O 11. Bg5 Nb4 12. Bb3 Rc8 13. Rxe7 Qxe7 14. Bxd5 b6 15. Qd2 Qd6 16. Bf4 Qe7 17. Re1 Qa7 18. Bc4 Bxf3 19. gxf3 Qd7 20. Re5 Qh3 21. Bg3 Rfe8 22. Ne4 Nxe4 23. Rxe8+ Rxe8 24. fxe4 Nc6 25. c3 Ne5 26. Bxe5 Rxe5 27. Qf4 Qh5 28. Bxf7+ Qxf7 29. Qxe5 Qd7 30. Qd5+ Qxd5 31. exd5 b5 32. axb5 axb5 33. Kg2 Kf7 34. Kf3 Kf6 35. Ke4 g5 36. f3 h5 37. h3 b4 38. c4 b3 1-0

[Event "Paul Keres mem (32nd)"]
[Site "Vancouver CAN"]
[Date "2007.05.19"]
[Round "2.16"]
[White "Hidalgo Rios, Manuel"]
[Black "Gornall, Kirk"]
[Result "1/2-1/2"]
[WhiteElo "1939"]
[BlackElo "2037"]
[PlyCount "28"]
[GameId "2160767910676134"]
[EventDate "2007.05.18"]
[EventType "swiss"]
[EventRounds "7"]
[EventCountry "CAN"]

1. e4 g6 2. d4 Bg7 3. Nf3 d6 4. Be2 Nf6 5. Nc3 O-O 6. O-O Bg4 7. h3 Bxf3 8. Bxf3 Nc6 9. Be3 e5 10. dxe5 dxe5 11. Bc5 Re8 12. Nd5 Nxd5 13. Qxd5 Qxd5 14. exd5 Nd4 1/2-1/2

[Event "Paul Keres mem (32nd)"]
[Site "Vancouver CAN"]
[Date "2007.05.19"]
[Round "2.17"]
[White "Erichsen, Dan"]
[Black "Harris, Philip"]
[Result "1-0"]
[WhiteElo "2033"]
[BlackElo "1865"]
[PlyCount "55"]
[GameId "2160767910676135"]
[EventDate "2007.05.18"]
[EventType "swiss"]
[EventRounds "7"]
[EventCountry "CAN"]

1. e4 e5 2. Nf3 Nf6 3. Nxe5 d6 4. Nf3 Nxe4 5. Nc3 Nxc3 6. dxc3 Be7 7. Bf4 Bg4 8. h3 Be6 9. Qd2 Nc6 10. O-O-O Qd7 11. Kb1 a6 12. Ng5 O-O-O 13. Nxe6 Qxe6 14. Re1 Qf5 15. g4 Qc5 16. b4 Qa7 17. Be3 Qb8 18. f4 Bh4 19. Re2 Rde8 20. Bg2 Re7 21. Bf3 g6 22. g5 f5 23. gxf6 Bxf6 24. h4 Rf8 25. h5 Bh8 26. hxg6 hxg6 27. Reh2 Ne5 28. fxe5 1-0

[Event "Paul Keres mem (32nd)"]
[Site "Vancouver CAN"]
[Date "2007.05.19"]
[Round "2.18"]
[White "Landingin, Jofrei"]
[Black "Gaciu, Vlad"]
[Result "1-0"]
[WhiteElo "1823"]
[BlackElo "2015"]
[PlyCount "73"]
[GameId "2160767910676136"]
[EventDate "2007.05.18"]
[EventType "swiss"]
[EventRounds "7"]
[EventCountry "CAN"]

1. e4 d6 2. Bc4 Nf6 3. d3 g6 4. Ne2 Bg7 5. O-O O-O 6. c3 c6 7. Bb3 Nbd7 8. h3 e5 9. Ng3 Nc5 10. Bc2 d5 11. Be3 Ne6 12. Qc1 Re8 13. a4 d4 14. Bd2 b6 15. c4 h5 16. Bg5 Qd6 17. a5 b5 18. cxb5 cxb5 19. Na3 Ba6 20. Bd2 Rac8 21. b4 h4 22. Nh1 Nh5 23. Qd1 Nef4 24. Qg4 Bh6 25. Kh2 Qf6 26. Qf3 Bf8 27. Rab1 Rc6 28. Bb3 Bc8 29. Nxb5 Qg5 30. Nxa7 Rf6 31. Nxc8 Rxc8 32. Bc4 Bh6 33. a6 Nxg2 34. Bxg5 Rxf3 35. Kxg2 Rxh3 36. Bxh6 Rxd3 37. Bxd3 1-0

[Event "Paul Keres mem (32nd)"]
[Site "Vancouver CAN"]
[Date "2007.05.19"]
[Round "2.19"]
[White "Niksic, John"]
[Black "Trandafir, Stefan"]
[Result "0-1"]
[WhiteElo "2010"]
[BlackElo "1860"]
[PlyCount "72"]
[GameId "2160767910676137"]
[EventDate "2007.05.18"]
[EventType "swiss"]
[EventRounds "7"]
[EventCountry "CAN"]

1. d4 f5 2. Nf3 Nf6 3. g3 e6 4. Bg2 d5 5. O-O Bd6 6. c4 c6 7. Nc3 O-O 8. b3 Nbd7 9. Bb2 Ne4 10. Ne1 Qe7 11. Nd3 g5 12. e3 Nxc3 13. Bxc3 Nf6 14. Re1 Qg7 15. c5 Bc7 16. b4 h5 17. a4 Qh6 18. b5 h4 19. Ne5 hxg3 20. hxg3 Bd7 21. Nxd7 Nxd7 22. f4 Kf7 23. Kf2 Nf6 24. Rh1 Qg6 25. Bf3 Rh8 26. Qb3 gxf4 27. exf4 Rag8 28. Rhg1 Rh3 29. bxc6 Rxg3 30. Qxb7 Ne8 31. Qb1 Bxf4 32. Qd1 Rxg1 33. Qxg1 Be3+ 34. Kxe3 Qxg1+ 35. Rxg1 Rxg1 36. Ba5 Ke7 0-1

[Event "Paul Keres mem (32nd)"]
[Site "Vancouver CAN"]
[Date "2007.05.19"]
[Round "2.20"]
[White "Han, Yiming"]
[Black "Kyriakides, Savvas"]
[Result "0-1"]
[WhiteElo "1777"]
[BlackElo "2008"]
[PlyCount "92"]
[GameId "2160767910676138"]
[EventDate "2007.05.18"]
[EventType "swiss"]
[EventRounds "7"]
[EventCountry "CAN"]

1. e4 d5 2. exd5 Nf6 3. d4 Qxd5 4. c4 Qe4+ 5. Be3 Ng4 6. Nc3 Nxe3 7. Nxe4 Nxd1 8. Rxd1 e6 9. g3 Bd7 10. Ne2 Bc6 11. f3 Nd7 12. N2c3 Nb6 13. d5 exd5 14. cxd5 Bd7 15. d6 Bxd6 16. Nxd6+ cxd6 17. Rxd6 O-O-O 18. Be2 Be6 19. Rxd8+ Rxd8 20. O-O Rd2 21. Rc1 Kb8 22. b3 Nd5 23. Nxd5 Bxd5 24. Rd1 Rxa2 25. Rxd5 Rxe2 26. Rd7 Re3 27. Rxf7 Rxb3 28. Rxg7 a5 29. Rxh7 Rxf3 30. Rh5 a4 31. Ra5 a3 32. g4 b6 33. Ra4 Kc7 34. g5 b5 35. Ra8 b4 36. g6 b3 37. g7 b2 38. Rc8+ Kd6 39. Rd8+ Kc5 40. Rd1 Rd3 41. g8=Q Rxd1+ 42. Kf2 b1=Q 43. Qg5+ Kc4 44. Qg8+ Kc3 45. Qc8+ Kb3 46. Qe6+ Kb2 0-1

[Event "Paul Keres mem (32nd)"]
[Site "Vancouver CAN"]
[Date "2007.05.19"]
[Round "3"]
[White "Yoos, John"]
[Black "Jiang, Louie"]
[Result "1-0"]
[WhiteElo "2367"]
[BlackElo "2072"]
[PlyCount "105"]
[GameId "2160767910676141"]
[EventDate "2007.05.18"]
[EventType "swiss"]
[EventRounds "7"]
[EventCountry "CAN"]
[SourceTitle "EXT 2008"]
[Source "ChessBase"]
[SourceDate "2007.11.25"]
[SourceVersion "1"]
[SourceVersionDate "2007.11.25"]
[SourceQuality "1"]

1. e4 c5 2. Nf3 d6 3. d4 cxd4 4. Nxd4 Nf6 5. Nc3 g6 6. Be3 Bg7 7. f3 O-O 8. Qd2 Nc6 9. Bc4 Bd7 10. O-O-O Rb8 11. Kb1 b5 12. Be2 Ne5 13. Ncxb5 a6 14. Na3 Qc7 15. c4 Be6 16. Rc1 Rfc8 17. Rc2 Nc6 18. Nxc6 Qxc6 19. Bd4 Qa4 20. Ka1 Bf8 21. Rd1 Nd7 22. Rdc1 Nc5 23. Qe3 Rb7 24. Bd1 Qa5 25. Bc3 Qb6 26. Rd2 Bd7 27. h4 e5 28. h5 Be6 29. hxg6 fxg6 30. b3 Rcb8 31. Rb2 Qc6 32. Ba5 Bf7 33. Nb1 Be7 34. g3 Ne6 35. f4 Re8 36. Bc2 Bf6 37. Bc3 Rbe7 38. Qf2 Nc5 39. Re1 Bg7 40. f5 gxf5 41. exf5 d5 42. cxd5 Bxd5 43. g4 h6 44. Qe3 e4 45. Bxg7 Rxg7 46. b4 Nd7 47. Nc3 Nf6 48. Nxd5 Nxd5 49. Bb3 Kh7 50. Bxd5 Qxd5 51. Rh1 Qd6 52. g5 Kg8 53. g6 1-0

[Event "Paul Keres mem (32nd)"]
[Site "Vancouver CAN"]
[Date "2007.05.19"]
[Round "3.3"]
[White "Berry, Jonathan"]
[Black "Tegzes, Laszlo"]
[Result "1/2-1/2"]
[WhiteElo "2305"]
[BlackElo "2117"]
[PlyCount "87"]
[GameId "2160767910676142"]
[EventDate "2007.05.18"]
[EventType "swiss"]
[EventRounds "7"]
[EventCountry "CAN"]

1. e4 c5 2. Nf3 e6 3. Nc3 Nc6 4. g3 g6 5. d4 cxd4 6. Nxd4 a6 7. Bg2 Bg7 8. Nde2 Nge7 9. O-O O-O 10. Bf4 b5 11. Qd6 Na5 12. b3 Nb7 13. Qd2 b4 14. Na4 Nc6 15. Rac1 d6 16. Be3 Qe7 17. c3 bxc3 18. Nexc3 Ne5 19. h3 Nd7 20. Rfd1 Rd8 21. Ne2 a5 22. Rc7 Qe8 23. Bg5 f6 24. Be3 Ndc5 25. Nb6 Ra6 26. Nxc8 Rxc8 27. Rxc8 Qxc8 28. Nd4 d5 29. exd5 e5 30. Nc6 Bf8 31. h4 Bd6 32. Qe2 Ra8 33. Rc1 Qf5 34. Qb5 Qd3 35. Bf1 Qxb5 36. Bxb5 f5 37. Rc4 Ne4 38. Kg2 Nf6 39. Rc1 Kg7 40. Rd1 Nc5 41. Nxe5 Bxe5 42. Bxc5 Rc8 43. Bb6 Rb8 44. Bxa5 1/2-1/2

[Event "Paul Keres mem (32nd)"]
[Site "Vancouver CAN"]
[Date "2007.05.19"]
[Round "3.7"]
[White "Wu, Howard"]
[Black "Trochtchanovitch, Pavel"]
[Result "1/2-1/2"]
[WhiteElo "2225"]
[BlackElo "1986"]
[PlyCount "61"]
[GameId "2160767910676143"]
[EventDate "2007.05.18"]
[EventType "swiss"]
[EventRounds "7"]
[EventCountry "CAN"]

1. e4 e5 2. Nf3 Nc6 3. Bc4 Nf6 4. d3 Bc5 5. O-O d6 6. c3 Bb6 7. b4 Bg4 8. a4 a5 9. b5 Ne7 10. Re1 Ng6 11. h3 Be6 12. Na3 Qd7 13. d4 Bxc4 14. Nxc4 O-O 15. Bg5 Qe6 16. Nxb6 cxb6 17. d5 Qc8 18. Nd2 Nd7 19. Qe2 Qc7 20. g3 Rac8 21. c4 Nc5 22. Be3 f5 23. exf5 Rxf5 24. Bxc5 bxc5 25. Ne4 b6 26. Qg4 Rcf8 27. Ng5 Qe7 28. Ne6 R8f7 29. Ra2 Qf6 30. Ree2 Nf8 31. Nxf8 1/2-1/2

[Event "Paul Keres mem (32nd)"]
[Site "Vancouver CAN"]
[Date "2007.05.19"]
[Round "3.9"]
[White "Jiganchine, Roman"]
[Black "Erichsen, Dan"]
[Result "1/2-1/2"]
[WhiteElo "2236"]
[BlackElo "2033"]
[PlyCount "91"]
[GameId "2160767910676144"]
[EventDate "2007.05.18"]
[EventType "swiss"]
[EventRounds "7"]
[EventCountry "CAN"]

1. e4 e6 2. d4 d5 3. Nd2 Nf6 4. e5 Nfd7 5. Bd3 c5 6. c3 Nc6 7. Ngf3 cxd4 8. cxd4 f6 9. Ng5 Ndxe5 10. dxe5 fxg5 11. Qh5+ Kd7 12. Nf3 Be7 13. O-O g6 14. Qg4 Ke8 15. Re1 Qb6 16. Nxg5 Qb4 17. Qd1 Bc5 18. Nf3 Qb6 19. Re2 Rf8 20. Bg5 Bd7 21. Rc1 Be7 22. Bxe7 Nxe7 23. Ng5 h6 24. Nh7 Rf7 25. Nf6+ Kd8 26. Qd2 g5 27. Ng4 Ng8 28. Nxh6 Rg7 29. Nxg8 Rxg8 30. Re3 Qd4 31. Qa5+ b6 32. Qa3 Qf4 33. Rc2 g4 34. Qd6 Qf7 35. Ba6 Ke8 36. Bb7 Rd8 37. Bxd5 Qe7 38. Qxe7+ Kxe7 39. Bb3 a5 40. Rc7 Ke8 41. Rd3 b5 42. a4 Rg5 43. h3 gxh3 44. Rxh3 Rxe5 45. axb5 Ke7 46. Re3 1/2-1/2

[Event "Paul Keres mem (32nd)"]
[Site "Vancouver CAN"]
[Date "2007.05.19"]
[Round "3.10"]
[White "Wilson Tagoe, George"]
[Black "Davies, Noam"]
[Result "0-1"]
[WhiteElo "1751"]
[BlackElo "2210"]
[PlyCount "79"]
[GameId "2160767910676145"]
[EventDate "2007.05.18"]
[EventType "swiss"]
[EventRounds "7"]
[EventCountry "CAN"]

1. e4 c5 2. d4 cxd4 3. c3 dxc3 4. Nxc3 e6 5. Nf3 Nc6 6. Be2 a6 7. O-O Qc7 8. Be3 Be7 9. Rc1 b5 10. a4 b4 11. Nb1 Bb7 12. Nbd2 Nf6 13. Nd4 Rc8 14. f3 O-O 15. N2b3 Rfd8 16. Nc5 Nxd4 17. Bxd4 Bxc5 18. Rxc5 Qf4 19. Qc1 Qd6 20. Rd1 e5 21. Bf2 Qe7 22. b3 h6 23. Qe3 d5 24. Rxc8 Rxc8 25. Rc1 Rxc1+ 26. Qxc1 dxe4 27. Qc5 Qxc5 28. Bxc5 exf3 29. gxf3 Nd5 30. Kf2 a5 31. Bc4 Kh7 32. Bd3+ g6 33. Be4 f5 34. Bc2 Kg7 35. Bd3 Kf6 36. Bf8 h5 37. Bc4 g5 38. Bc5 g4 39. fxg4 hxg4 40. Bd6 0-1

[Event "Paul Keres mem (32nd)"]
[Site "Vancouver CAN"]
[Date "2007.05.19"]
[Round "3.11"]
[White "Roua, Rodu"]
[Black "Han, Yifei"]
[Result "1-0"]
[WhiteElo "2210"]
[BlackElo "1731"]
[PlyCount "77"]
[GameId "2160767910676146"]
[EventDate "2007.05.18"]
[EventType "swiss"]
[EventRounds "7"]
[EventCountry "CAN"]

1. e4 e5 2. d4 exd4 3. Qxd4 Nc6 4. Qe3 Nf6 5. Bd3 Bb4+ 6. Bd2 d6 7. Bxb4 Nxb4 8. Nc3 Nxd3+ 9. Qxd3 O-O 10. O-O-O Ng4 11. Qg3 Be6 12. f4 f5 13. h3 Nf6 14. e5 Ne4 15. Qe3 Nxc3 16. Qxc3 Qe7 17. exd6 cxd6 18. Qa3 Rfd8 19. Nf3 Qf8 20. Rhe1 Bc4 21. Rd4 Bb5 22. Qb3+ Qf7 23. Qxb5 Qxa2 24. Qd5+ Qxd5 25. Rxd5 g6 26. Re7 Re8 27. Rxb7 Re6 28. Ng5 Re1+ 29. Kd2 Rae8 30. Rxd6 R1e2+ 31. Kd3 R8e3+ 32. Kd4 Rd2+ 33. Kxe3 Rxd6 34. Rxa7 h6 35. Nf3 Rb6 36. b3 Rc6 37. c4 Rb6 38. Nd4 g5 39. g3 1-0

[Event "Paul Keres mem (32nd)"]
[Site "Vancouver CAN"]
[Date "2007.05.19"]
[Round "3.12"]
[White "Jose, Marionito"]
[Black "Milicevic, Dragoljub"]
[Result "1-0"]
[WhiteElo "1736"]
[BlackElo "2172"]
[PlyCount "57"]
[GameId "2160767910676147"]
[EventDate "2007.05.18"]
[EventType "swiss"]
[EventRounds "7"]
[EventCountry "CAN"]

1. e4 d5 2. e5 c5 3. d4 cxd4 4. Qxd4 Nc6 5. Bb5 e6 6. Nf3 Qa5+ 7. Nc3 Bb4 8. Bxc6+ bxc6 9. O-O Ba6 10. Rd1 Bxc3 11. bxc3 Ne7 12. Bd2 Qc7 13. Re1 Nf5 14. Qc5 Qb6 15. Qa3 c5 16. Rab1 Qc6 17. Bg5 h6 18. g4 hxg5 19. gxf5 g4 20. Ng5 Rh5 21. Qc1 exf5 22. Qf4 Qg6 23. e6 Rc8 24. exf7+ Kf8 25. Re8+ Rxe8 26. fxe8=Q+ Qxe8 27. Qxf5+ Kg8 28. Qxd5+ Kf8 29. Rb8 1-0

[Event "Paul Keres mem (32nd)"]
[Site "Vancouver CAN"]
[Date "2007.05.19"]
[Round "3.13"]
[White "Salcedo, Daniel"]
[Black "Landingin, Jofrei"]
[Result "1-0"]
[WhiteElo "2087"]
[BlackElo "1823"]
[PlyCount "109"]
[GameId "2160767910676148"]
[EventDate "2007.05.18"]
[EventType "swiss"]
[EventRounds "7"]
[EventCountry "CAN"]

1. d4 Nf6 2. c4 g6 3. Nc3 Bg7 4. e4 d6 5. Be2 b6 6. Bg5 h6 7. Bh4 Bb7 8. f3 Nbd7 9. Nh3 g5 10. Bf2 e5 11. d5 Nh5 12. g3 Nhf6 13. Be3 Nc5 14. b4 Na6 15. c5 O-O 16. Qa4 Nb8 17. c6 Bc8 18. Nf2 Nh7 19. g4 a5 20. b5 Kh8 21. O-O-O Rg8 22. Qc2 Nf8 23. h4 gxh4 24. Qd2 Ng6 25. Bxh6 Bf6 26. Nh3 a4 27. a3 Ra5 28. Kc2 Kh7 29. Ng5+ Bxg5 30. Bxg5 f6 31. Bxh4 Kg7 32. Rh2 Rh8 33. Rdh1 Qf8 34. Bg3 Kf7 35. Rxh8 Nxh8 36. Rh7+ Kg8 37. Rh6 Qg7 38. Rh5 Ng6 39. Bc4 Kf7 40. Qh2 Kg8 41. Ne2 Ra8 42. Be1 Ra7 43. Bd2 Ra8 44. Rh6 Ra7 45. Qh3 Nf8 46. Ng3 Ra8 47. Qh2 Ng6 48. Nf5 Bxf5 49. gxf5 Nf8 50. Rh4 Nh7 51. Rg4 Ng5 52. Bxg5 fxg5 53. Qh5 Kf8 54. Rxg5 Qf6 55. Rg6 1-0

[Event "Paul Keres mem (32nd)"]
[Site "Vancouver CAN"]
[Date "2007.05.19"]
[Round "3.14"]
[White "Machado, Gilmar Dias"]
[Black "McLaren, Brian"]
[Result "0-1"]
[WhiteElo "1997"]
[BlackElo "2244"]
[PlyCount "70"]
[GameId "2160767910676149"]
[EventDate "2007.05.18"]
[EventType "swiss"]
[EventRounds "7"]
[EventCountry "CAN"]

1. e4 Nf6 2. e5 Nd5 3. c4 Nb6 4. d4 d6 5. f4 dxe5 6. fxe5 c5 7. d5 e6 8. Nf3 exd5 9. Bg5 Qd7 10. cxd5 Qxd5 11. Qc2 Bd7 12. Nc3 Qe6 13. O-O-O Nc6 14. Bb5 h6 15. Bh4 g5 16. Bf2 Be7 17. Rhe1 O-O-O 18. a3 g4 19. Nh4 Nxe5 20. Bxd7+ Rxd7 21. Rxd7 Nbxd7 22. Qe4 Re8 23. Nf5 Bg5+ 24. Kb1 Qg6 25. Nb5 Re6 26. Nxa7+ Kd8 27. Ka1 Rf6 28. Qxb7 Rxf5 29. Bxc5 Nxc5 30. Qc8+ Ke7 31. Qxc5+ Kf6 32. Nc8 Kg7 33. Rxe5 Rf1+ 34. Ka2 Bf6 35. Re2 Qd3 0-1

[Event "Paul Keres mem (32nd)"]
[Site "Vancouver CAN"]
[Date "2007.05.19"]
[Round "3.16"]
[White "Ozkan, Charlie"]
[Black "Lane, Travis"]
[Result "1-0"]
[WhiteElo "1865"]
[BlackElo "2061"]
[PlyCount "73"]
[GameId "2160767910676150"]
[EventDate "2007.05.18"]
[EventType "swiss"]
[EventRounds "7"]
[EventCountry "CAN"]

1. c4 Nf6 2. Nc3 g6 3. g3 Bg7 4. Bg2 O-O 5. Nf3 d6 6. d3 e5 7. O-O Nbd7 8. Bg5 Re8 9. Bxf6 Nxf6 10. Nd2 c6 11. b4 d5 12. Rc1 Be6 13. a4 h5 14. h4 Qd7 15. e4 Red8 16. exd5 cxd5 17. c5 Bh3 18. Nf3 Bxg2 19. Kxg2 Ng4 20. Nh2 Nh6 21. Re1 Re8 22. Nf3 Rad8 23. Nb5 Qg4 24. Qd2 a5 25. Nd6 Re7 26. b5 Qxa4 27. Ra1 Qb4 28. Qxb4 axb4 29. Ra7 Nf5 30. Nxb7 e4 31. dxe4 dxe4 32. Rxe4 Rxe4 33. Nxd8 b3 34. Nd2 Rb4 35. b6 Bd4 36. Nc6 Rb5 37. b7 1-0

[Event "Paul Keres mem (32nd)"]
[Site "Vancouver CAN"]
[Date "2007.05.19"]
[Round "3.18"]
[White "Milner, Arie"]
[Black "Abelsen, Jeremy"]
[Result "0-1"]
[WhiteElo "1977"]
[BlackElo "2100"]
[PlyCount "52"]
[GameId "2160767910676151"]
[EventDate "2007.05.18"]
[EventType "swiss"]
[EventRounds "7"]
[EventCountry "CAN"]

1. e4 e6 2. d4 d5 3. e5 c5 4. c3 Nc6 5. Nf3 Bd7 6. a3 Qb6 7. b4 cxb4 8. cxb4 Nge7 9. Bb2 Nf5 10. Be2 Be7 11. O-O O-O 12. Kh1 f6 13. g4 Nh6 14. h3 fxe5 15. dxe5 Nf7 16. Bd3 Ng5 17. Nxg5 Bxg5 18. Qc2 h6 19. Kg2 Rac8 20. Qe2 Nd4 21. Qd1 Nf3 22. Be2 Nh4+ 23. Kg1 Rxf2 24. Rxf2 Rf8 25. Kh1 Rxf2 26. Qd2 Qc6 0-1

[Event "Paul Keres mem (32nd)"]
[Site "Vancouver CAN"]
[Date "2007.05.19"]
[Round "3.20"]
[White "Harris, Philip"]
[Black "Niksic, John"]
[Result "1-0"]
[WhiteElo "1865"]
[BlackElo "2010"]
[PlyCount "57"]
[GameId "2160767910676152"]
[EventDate "2007.05.18"]
[EventType "swiss"]
[EventRounds "7"]
[EventCountry "CAN"]

1. d4 Nf6 2. c4 e6 3. Nc3 Bb4 4. e3 c5 5. Nf3 Nc6 6. Bd3 d6 7. O-O Bxc3 8. bxc3 e5 9. d5 Ne7 10. e4 h6 11. Ne1 g5 12. g3 Bh3 13. Ng2 Ng6 14. Rb1 b6 15. Rb2 Bxg2 16. Kxg2 Qd7 17. f3 Ng8 18. Rbf2 O-O-O 19. a4 a5 20. Be2 Kb7 21. f4 f6 22. Bg4 Qg7 23. Kh1 Rf8 24. Be6 Rh7 25. Be3 N6e7 26. Rb2 Kc7 27. Qb3 Rb8 28. Qb5 Qg6 29. Qd7# 1-0

[Event "Paul Keres mem (32nd)"]
[Site "Vancouver CAN"]
[Date "2007.05.20"]
[Round "4"]
[White "Kyriakides, Savvas"]
[Black "Sinanan, Joshua"]
[Result "0-1"]
[WhiteElo "2213"]
[BlackElo "2125"]
[PlyCount "50"]
[GameId "2160767910676153"]
[EventDate "2007.05.18"]
[EventType "swiss"]
[EventRounds "7"]
[EventCountry "CAN"]
[SourceTitle "EXT 2008"]
[Source "ChessBase"]
[SourceDate "2007.11.25"]
[SourceVersion "1"]
[SourceVersionDate "2007.11.25"]
[SourceQuality "1"]

1. e4 c5 2. Nf3 e6 3. d4 cxd4 4. Nxd4 Nc6 5. Nc3 Qc7 6. Be2 a6 7. Be3 Nf6 8. O-O Bb4 9. f3 O-O 10. g4 h6 11. Kh1 d5 12. g5 hxg5 13. Bxg5 Nh7 14. Bh4 Qf4 15. Bg3 Qe3 16. Bf2 Qh6 17. exd5 Bd6 18. Bg1 exd5 19. Nxd5 Bh3 20. Re1 Qg5 21. Ne3 Nxd4 22. Qxd4 Bc5 23. f4 Qxg1+ 24. Rxg1 Bxd4 25. Rg3 Bd7 0-1

[Event "Paul Keres mem (32nd)"]
[Site "Vancouver CAN"]
[Date "2007.05.20"]
[Round "4.3"]
[White "Jiang, Louie"]
[Black "Patterson, Roger"]
[Result "1-0"]
[WhiteElo "2245"]
[BlackElo "2265"]
[PlyCount "81"]
[GameId "2160767910676156"]
[EventDate "2007.05.18"]
[EventType "swiss"]
[EventRounds "7"]
[EventCountry "CAN"]

1. e4 c5 2. Nf3 d6 3. d4 cxd4 4. Nxd4 Nf6 5. Nc3 e6 6. Be3 a6 7. f3 Nc6 8. Qd2 Be7 9. g4 O-O 10. O-O-O Nxd4 11. Bxd4 Nd7 12. Kb1 b5 13. Qf2 Qa5 14. Bd3 b4 15. Ne2 Ne5 16. Nc1 Nxd3 17. Rxd3 e5 18. Bb6 Qb5 19. Bc7 Be6 20. Bxd6 Bxd6 21. Rxd6 Rab8 22. h4 a5 23. h5 a4 24. h6 g6 25. Qh4 Bxa2+ 26. Ka1 f6 27. Rxf6 Bc4 28. Rd1 Qb7 29. Rfd6 b3 30. c3 Qf7 31. Rd7 Qf6 32. Rg7+ Kh8 33. Rdd7 Bg8 34. Qf2 Qf4 35. Kb1 a3 36. Nd3 a2+ 37. Ka1 Qxh6 38. Rge7 Qh1+ 39. Ne1 Rbd8 40. Qg3 Bf7 41. Rxf7 1-0

[Event "Paul Keres mem (32nd)"]
[Site "Vancouver CAN"]
[Date "2007.05.20"]
[Round "4.4"]
[White "Salcedo, Daniel"]
[Black "Davies, Lucas"]
[Result "1/2-1/2"]
[WhiteElo "2087"]
[BlackElo "2235"]
[PlyCount "77"]
[GameId "2160767910676157"]
[EventDate "2007.05.18"]
[EventType "swiss"]
[EventRounds "7"]
[EventCountry "CAN"]

1. d4 Nf6 2. c4 g6 3. Nc3 Bg7 4. e4 d6 5. Be2 O-O 6. Nf3 e5 7. d5 Nbd7 8. Bg5 h6 9. Bh4 a5 10. Nd2 Nc5 11. f3 Bd7 12. b3 Qc8 13. O-O Nh5 14. a3 Nf4 15. b4 axb4 16. axb4 Na6 17. Rb1 Bh3 18. Rf2 Bxg2 19. Rxg2 Qh3 20. Rg4 Nxe2+ 21. Qxe2 h5 22. Be7 hxg4 23. Bxf8 Rxf8 24. Qg2 Qxg2+ 25. Kxg2 Bh6 26. Nf1 gxf3+ 27. Kxf3 f5 28. Ke2 fxe4 29. Nxe4 Rf4 30. Nfg3 b6 31. Rb2 Kf7 32. Ra2 Nxb4 33. Ra7 Nc2 34. Rxc7+ Kf8 35. Nxd6 Nd4+ 36. Ke1 Nf3+ 37. Ke2 Nd4+ 38. Ke1 Nf3+ 39. Ke2 1/2-1/2

[Event "Paul Keres mem (32nd)"]
[Site "Vancouver CAN"]
[Date "2007.05.20"]
[Round "4.5"]
[White "Burke, Paul"]
[Black "Wu, Howard"]
[Result "0-1"]
[WhiteElo "2015"]
[BlackElo "2225"]
[PlyCount "85"]
[GameId "2160767910676158"]
[EventDate "2007.05.18"]
[EventType "swiss"]
[EventRounds "7"]
[EventCountry "CAN"]

1. e4 c5 2. d4 cxd4 3. c3 Nf6 4. e5 Nd5 5. cxd4 Nc6 6. Nf3 d6 7. Be2 g6 8. Nc3 Nxc3 9. bxc3 dxe5 10. d5 Nb8 11. Nxe5 Bg7 12. Bb5+ Bd7 13. Nxd7 Nxd7 14. Bd2 O-O 15. Rb1 Nb6 16. O-O Qxd5 17. Be3 Qxa2 18. Bxb6 axb6 19. Qd7 Bxc3 20. Qxe7 Bd4 21. Qh4 Bc5 22. Qf6 Rad8 23. Rbd1 Rxd1 24. Rxd1 Qb3 25. Be2 Qc2 26. Qf3 Re8 27. Kf1 Kg7 28. Qd3 Qb2 29. g3 Re6 30. Qd2 Qf6 31. f4 Rd6 32. Qc2 Bd4 33. Bf3 Qe6 34. Bxb7 Qe3 35. Kg2 Re6 36. Qd2 Qe2+ 37. Qxe2 Rxe2+ 38. Kf3 Re3+ 39. Kg2 Re7 40. Ba6 Bc5 41. Rd2 h5 42. Bb5 Re6 43. Re2 0-1